| 000 | 02991nam a22003617a 4500 | ||
|---|---|---|---|
| 003 | KnowledgeUnlatched | ||
| 005 | 20210303104852.0 | ||
| 006 | m o d | ||
| 007 | cr u|||||||||| | ||
| 008 | 210129p20152017cau o u00| u eng d | ||
| 035 | _a(OCoLC)945783630 | ||
| 037 | _5BiblioBoard | ||
| 245 | 0 | 0 |
_aArt of Fugue _bBach Fugues for Keyboard, 1715-1750 / _cJoseph Kerman. |
| 020 | _a9780520962590 | ||
| 024 | 8 | _ahttp://www.luminosoa.org/site/books/10.1525/luminos.1/ | |
| 029 | 1 | _ahttps://library.biblioboard.com/ext/api/media/da1a5589-e08b-45a6-9416-272994a6b384/assets/thumbnail.jpg | |
| 040 |
_aScCtBLL _cScCtBLL |
||
| 100 | 1 |
_aKerman, Joseph _eauthor. |
|
| 264 | 1 | _bUniversity of California Press, | |
| 300 | _a1 online resource. | ||
| 506 | 0 |
_aAccess copy available to the general public. _fUnrestricted _2star |
|
| 520 | _aFugue for J. S. Bach was a natural language; he wrote fugues in organ toccatas and voluntaries, in masses and motets, in orchestral and chamber music, and even in his sonatas for violin solo. The more intimate fugues he wrote for keyboard are among the greatest, most infl uential, and best-loved works in all of Western music. They have long been the foundation of the keyboard repertory, played by beginning students and world-famous virtuosi alike. In a series of elegantly written essays, eminent musicologist Joseph Kerman discusses his favorite Bach keyboard fugues-some of them among the best-known fugues and others much less familiar. Kerman skillfully, at times playfully, reveals the inner workings of these pieces, linking the form of the fugues with their many different characters and expressive qualities, and illuminating what makes them particularly beautiful, powerful, and moving. "Beautifully produced and even more beautifully written, suffused with humanistic learning, warmth, generosity, and wit." -Early Music"Kerman's hearing is sharp, his thinking precise and original, and his prose elegant and sapid."-Michael Steinberg, author of The Symphony: A Listener's Guide "Astonishing, stimulating, marvelous, and accessible." -Stephen Kovacevich JOSEPH KERMAN (1924-2014) was Professor at the University of California, Berkeley, author of Concerto Conversations, Write All These Down, and Opera as Drama, among other books. He was a founding editor of the journal 19th-Century Music and a regular contributor to the New York Review. | ||
| 588 | 0 | _aDescription based on print version record. | |
| 590 | _aLuminos | ||
| 650 | 7 |
_aMusic _2bisacsh |
|
| 650 | 0 | _aMusic | |
| 655 | 0 | _aElectronic books. | |
| 758 |
_iIs found in: _aKnowledge Unlatched _1https://openresearchlibrary.org/module/2774bc74-146a-484f-a7ba-ab1d6a09bbfb |
||
| 856 | 4 | 0 |
_uhttps://openresearchlibrary.org/content/da1a5589-e08b-45a6-9416-272994a6b384 _zView this content on Open Research Library. _70 |
| 999 |
_c25255 _d25255 |
||